| 000 | 00879cam a2200277 a 4500 | ||
|---|---|---|---|
| 001 | 3382011 | ||
| 003 | OSt | ||
| 005 | 20220114065117.0 | ||
| 008 | 880824s1988 dcua b 001 0 eng | ||
| 010 | _a 88008146 | ||
| 020 | _a0930403452 | ||
| 040 |
_aMMU _cMMU _dMMU _beng |
||
| 050 | 0 | 0 |
_aTL671.2 _b.H58 1988 |
| 082 | 0 | 0 |
_a629.132/3 _219 |
| 100 | 1 | _aHoblit, Frederic M. | |
| 245 | 1 | 0 |
_aGust loads on aircraft : _bconcepts and applications / _cFrederic M. Hoblit. |
| 260 |
_aWashington, D.C. : _bAmerican Institute of Aeronautics and Astronautics, _cc1988. |
||
| 300 |
_axiii, 306 p. : _bill. ; _c24 cm. |
||
| 440 | 0 | _aAIAA education series | |
| 500 | _aIncludes index. | ||
| 504 | _aBibliography: p. 297-302. | ||
| 650 | 0 |
_aAirplanes _xDesign and construction. |
|
| 650 | 0 | _aGust loads. | |
| 906 |
_a7 _bcbc _corignew _d1 _eocip _f19 _gy-gencatlg |
||
| 942 |
_2lcc _cLOAN LOAN |
||
| 999 |
_c17211 _d17211 |
||